[Event "Challenge"]
[Site "http://www.queenalice.com/game.php?id=566377"]
[Date "2009.4.3"]
[Round "-"]
[White "jboaventura"]
[Black "frrocha"]
[Result "0-1"]
[WhiteElo "1372"]
[BlackElo "1435"]

1. e4 b5 2. Bxb5 Bb7 3. Qf3 Nf6 4. d3 a6 5. Bc4 d5 6. exd5 Nxd5 7. Nc3 e6 8. Nh3
Ra7 9. O-O Nxc3 10. Qg4 h5 11. Qg5 Qd4 12. Be3 Qd7 13. bxc3 Nc6 14. g4 Ne7 15.
gxh5 Nf5 16. Bxa7 Qc6 17. Rab1 Qh1# 0-1

[Event "Rocha"]
[Site "http://www.queenalice.com/game.php?id=567621"]
[Date "2009.4.6"]
[Round "-"]
[White "frrocha"]
[Black "Munhoz"]
[Result "0-1"]
[WhiteElo "1439"]
[BlackElo "1894"]

1. b3 d5 2. Bb2 Nf6 3. d4 Nc6 4. c4 Bf5 5. Nc3 e6 6. c5 Be7 7. Nf3 b6 8. Ne5
Nxe5 9. dxe5 Ne4 10. cxb6 Bb4 11. bxc7 Qxc7 12. e3 Bxc3+ 13. Bxc3 Qxc3+ 14. Ke2
O-O 15. f3 Ng3+ 16. hxg3 Bc2 17. Qc1 Rfc8 18. Kf2 Qxe5 19. f4 Qe4 20. Be2 Bd3
21. Qd2 Rc2 22. Qd1 Rxe2+ 23. Qxe2 Bxe2 24. Kxe2 Rc8 25. Rhc1 Qxg2+ 26. Kd3 Qe4+
27. Kd2 Rxc1 28. Rxc1 Qg2+ 29. Kd3 h6 30. a4 Qxg3 31. a5 h5 32. a6 h4 33. Rc7 h3
34. Rxa7 h2 35. Ra8+ Kh7 36. a7 h1=Q 37. Rb8 Qd1+ 38. Kc3 Qxe3+ 0-1

[Event "do Ceará p/ o Brasil e o mundo."]
[Site "http://www.queenalice.com/game.php?id=568787"]
[Date "2009.4.9"]
[Round "-"]
[White "frrocha"]
[Black "jw16js"]
[Result "1-0"]
[WhiteElo "1492"]
[BlackElo "1572"]

1. d4 d5 2. Nc3 Qd6 3. g3 c6 4. Bg2 Be6 5. e4 dxe4 6. Nxe4 Qc7 7. Bf4 Qa5+ 8.
Bd2 Qf5 9. Nh3 h6 10. O-O Na6 11. a3 Bd5 12. Re1 g5 13. c3 g4 14. Nf4 Nf6 15.
Nxd5 cxd5 16. Nxf6+ Qxf6 17. Bxd5 h5 18. Bxb7 Rb8 19. Qa4+ Kd8 20. Bxa6 Rxb2 21.
Qa5+ Kd7 22. Qa4+ Kd8 23. Qa5+ Kd7 24. Bb5+ Kc8 25. Bf4 Qb6 26. Qxb6 axb6 27.
Bc4 e6 28. d5 Bg7 29. dxe6 fxe6 30. Ba6+ Kd8 31. Rad1+ Ke7 32. Bd6+ Kf7 33. Be5
Bxe5 34. Rxe5 Rb3 35. c4 Rxa3 36. Bb5 Rh6 37. Rd6 h4 38. Rxb6 h3 39. Kf1 Rf6 40.
Rb7+ Kg6 41. Be8+ Kh6 42. Rh5# 1-0

[Event "Let's Play Chess!"]
[Site "http://www.queenalice.com/game.php?id=569559"]
[Date "2009.4.9"]
[Round "-"]
[White "frrocha"]
[Black "Elienay"]
[Result "1-0"]
[WhiteElo "1476"]
[BlackElo "1100"]

1. d4 Nc6 2. Nf3 g6 3. g3 Nf6 4. d5 e6 5. dxc6 bxc6 6. b3 Bg7 7. Bb2 h5 8. Bg2
O-O 9. Nbd2 Bh6 10. O-O Ba6 11. Re1 Ng4 12. Ne4 Rb8 13. Qd4 d5 14. Qh8# 1-0

[Event "Let's Play Chess!"]
[Site "http://www.queenalice.com/game.php?id=569560"]
[Date "2009.4.9"]
[Round "-"]
[White "Elienay"]
[Black "frrocha"]
[Result "1-0"]
[WhiteElo "1227"]
[BlackElo "1512"]

1. d4 b6 2. Nc3 Ba6 3. Bf4 Nc6 4. e3 Bb7 5. Nd5 e5 6. dxe5 Nge7 7. Nxe7 Qxe7 8.
Bc4 Nxe5 9. Qd4 d6 10. Rd1 O-O-O 11. Nh3 f6 12. Rd3 Bxg2 13. Ra3 Nxc4 14. Qxc4
Bxh1 15. Rxa7 Bb7 16. Qa4 c6 17. c4 Rd7 18. Qb4 Kd8 19. Qxb6+ Ke8 20. Ng5 fxg5
21. Bg3 Qd8 22. Qd4 Qe7 23. a4 Rg8 24. a5 c5 25. Qc3 Bc8 26. Ra8 Rc7 27. a6 Kd7
28. a7 Bb7 29. Rb8 Bc6 30. a8=Q Bxa8 31. Rxa8 g6 32. f4 Bg7 33. Rxg8 Bxc3+ 34.
bxc3 Qxe3+ 35. Kf1 Qd3+ 36. Kf2 Qxc4 37. Kf3 Qxg8 38. Kg4 h6 39. fxg5 Qc4+ 40.
Bf4 h5+ 41. Kh4 1-0

[Event "Let's Play Chess!"]
[Site "http://www.queenalice.com/game.php?id=569561"]
[Date "2009.4.9"]
[Round "-"]
[White "Elienay"]
[Black "frrocha"]
[Result "0-1"]
[WhiteElo "1171"]
[BlackElo "1489"]

1. d4 d5 2. Nc3 Nc6 3. Nf3 Bf5 4. a4 Nb4 5. Ra3 Nxc2+ 6. Kd2 g6 7. Rb3 b6 8. h3
Bg7 9. g4 Be4 10. Nxe4 dxe4 11. Qxc2 exf3 12. exf3 Bxd4 13. Rh2 Nf6 14. g5 Be5+
15. Ke1 Bxh2 16. gxf6 exf6 17. Re3+ Kf8 18. Qd2 Bd6 19. b3 Qd7 20. Rd3 Re8+ 21.
Kd1 g5 22. Qc3 Re6 23. a5 b5 24. a6 Kg7 25. Qc4 bxc4 26. bxc4 Qa4+ 27. Kd2 Qxc4
28. Bb2 Rb8 29. Rxd6 Rxb2+ 30. Kd1 Rxd6+ 31. Ke1 Qc1# 0-1

[Event "AUTO-INT-1276"]
[Site "http://www.queenalice.com/game.php?id=573819"]
[Date "2009.4.18"]
[Round "1"]
[White "jw16js"]
[Black "frrocha"]
[Result "1-0"]
[WhiteElo "1549"]
[BlackElo "1512"]

1. e4 e5 2. d4 Bd6 3. d5 Nf6 4. Bg5 O-O 5. Nf3 Qe8 6. Bb5 Nxe4 7. Qe2 Nxg5 8.
Nxg5 h6 9. Ne4 a6 10. Bd3 Bb4+ 11. c3 Ba5 12. b4 Bb6 13. b5 a5 14. a4 d6 15. h4
Nd7 16. Nbd2 f5 17. Ng3 f4 18. Nf5 Nc5 19. Qg4 Nxd3+ 20. Ke2 Bxf5 21. Qf3 Nxf2
22. Rhb1 Bxb1 23. Rxb1 Kh7 24. Ne4 Nxe4 25. Qxe4+ Kh8 26. Rh1 Rc8 27. h5 c6 28.
dxc6 bxc6 29. bxc6 Qxc6 30. Qxc6 1-0

[Event "AUTO-INT-1276"]
[Site "http://www.queenalice.com/game.php?id=573820"]
[Date "2009.4.18"]
[Round "1"]
[White "frrocha"]
[Black "jw16js"]
[Result "0-1"]
[WhiteElo "1497"]
[BlackElo "1564"]

1. e4 d5 2. Nc3 d4 3. Nd5 e6 4. Nf4 e5 5. Nd3 Bd6 6. Nf3 Bg4 7. Be2 Nh6 8. h3
Bxf3 9. Bxf3 Nd7 10. b3 f5 11. Bb2 f4 12. Rg1 b5 13. Qe2 b4 14. Bh5+ g6 15. Bf3
a5 16. g3 Qg5 17. h4 Qd8 18. gxf4 exf4 19. e5 Bf8 20. Bxa8 Qxa8 21. e6 Nf6 22.
Bxd4 Be7 23. Nxf4 Ne4 24. Bxh8 Nd6 25. O-O-O Ne4 26. Kb2 Bf6+ 27. Bxf6 Nxf6 28.
Qe5 Qd8 29. e7 Qxe7 30. Qxe7+ Kxe7 31. Rde1+ Kf7 32. h5 gxh5 33. Re6 Nhg8 34.
Re5 h4 0-1

[Event "AUTO-INT-1276"]
[Site "http://www.queenalice.com/game.php?id=573835"]
[Date "2009.4.18"]
[Round "1"]
[White "Ponce"]
[Black "frrocha"]
[Result "1-0"]
[WhiteElo "1569"]
[BlackElo "1471"]

1. d4 g6 2. e4 Bg7 3. e5 Nc6 4. Nf3 e6 5. Bb5 Nge7 6. Bg5 O-O 7. Bxc6 dxc6 8.
Nc3 b6 9. O-O c5 10. d5 exd5 11. Nxd5 Ba6 12. Nxe7+ Kh8 13. Nxg6+ fxg6 14. Bxd8
Raxd8 15. Qxd8 Rxd8 16. Ng5 Re8 17. Rfe1 Bh6 18. Nf7+ 1-0

[Event "AUTO-INT-1276"]
[Site "http://www.queenalice.com/game.php?id=573836"]
[Date "2009.4.18"]
[Round "1"]
[White "frrocha"]
[Black "Ponce"]
[Result "0-1"]
[WhiteElo "1484"]
[BlackElo "1556"]

1. e4 c5 2. Nf3 Nc6 3. Bb5 Qb6 4. Nc3 e6 5. O-O Be7 6. d3 Nd4 7. Ne5 Nxb5 8.
Nxb5 Qxb5 9. b3 Bd6 10. c4 Qb6 11. Qf3 Bxe5 12. Rb1 d6 13. Bd2 Qc7 14. Be3 Bd7
15. Rfd1 f6 16. Qh5+ g6 17. Qg4 O-O-O 18. g3 f5 19. Qh3 Qa5 20. Ra1 Bxa1 0-1

[Event "AUTO-INT-1276"]
[Site "http://www.queenalice.com/game.php?id=573847"]
[Date "2009.4.18"]
[Round "1"]
[White "frrocha"]
[Black "Chazam"]
[Result "0-1"]
[WhiteElo "1527"]
[BlackElo "1542"]

1. e4 e5 2. Nf3 f6 3. Bb5 a6 4. Bc4 Ne7 5. O-O Nbc6 6. c3 d5 7. Bd3 dxe4 8. Bxe4
Bg4 9. d3 Nd5 10. c4 Nf4 11. h3 Bxf3 12. Bxf3 Qd7 13. Bg4 f5 14. Bf3 Bd6 15. Be3
Ng6 16. d4 e4 17. d5 exf3 18. dxc6 Qxc6 19. gxf3 Nh4 20. Nd2 O-O-O 21. Bg5 Nxf3+
22. Nxf3 Be7 23. Qe2 Bxg5 24. Nxg5 Rhe8 25. Qc2 g6 26. Nf7 Rd7 27. Ng5 h6 28.
Rfe1 Rde7 29. Nf7 Rxf7 30. Rxe8+ Qxe8 31. b3 g5 32. Kh2 Qe5+ 0-1

[Event "AUTO-INT-1276"]
[Site "http://www.queenalice.com/game.php?id=573848"]
[Date "2009.4.18"]
[Round "1"]
[White "Chazam"]
[Black "frrocha"]
[Result "0-1"]
[WhiteElo "1560"]
[BlackElo "1509"]

1. Na3 d5 2. c4 Nf6 3. d4 b6 4. Qb3 c6 5. c5 Nbd7 6. cxb6 Nxb6 7. Bg5 e6 8. Nf3
Be7 9. Bxf6 Bxf6 10. Qc3 Bd7 11. e3 O-O 12. Ne5 Bxe5 13. dxe5 Rb8 14. Bd3 Na4
15. Qd4 Qa5+ 16. Kf1 Nxb2 17. g3 Qxa3 18. Be2 c5 19. Qh4 Rb4 20. Qh3 c4 21. Kg2
c3 22. Rab1 c2 23. Bd3 Nxd3 24. Rxb4 Qxb4 25. g4 c1=Q 26. Rxc1 Nxc1 27. g5 g6
28. Qf3 Qe4 29. Qxe4 dxe4 0-1